000
00415nam a22001697a 4500
003
MPLRDC
005
20220104124356.0
008
210129b ||||| |||| 00| 0 eng d
082
_a
982.9 ZYX
100
_a
张钊、殷波
245
_a
燕舞梨园
_c
250
_a
一版一刷
260
_a
_b
中国戏剧出版社
_c
1986
300
_b
平
650
_a
伶人传记; 演员传记
942
_c
BK
_o
982.9 ZYX
999
_c
18836
_d
18826